01006 2200361 4500001002100000005001500021007000300036008004100039020002200080035002000102040001600122041000800138082000800146084001400154090002100168100003000189245003900219250001300258264004700271300004100318336002100359337003000380338002300410500002000433504002500453650001300478700004000491700003400531850001000565990002300575990002300598990002300621INLIS00000000000481020260522024426ta260522 0  a978-602-7596-72-6 a0010-0122000442 aSPBUPDbind aind a900 a900 DIN m a808.3 VSE k 24-40 aDina AlfiyantiePengarang1 aMengenal Pahlawan Nasional Jilid 2 a.-Cet. 6 a.--Jakarta :bEsensi Erlangga Group,c2019 axi, 172 hal. :billus. ;c25 x 18 cm 2rdacontentateks 2rdamediaatanpa perantara 2rdacarrieravolume aIndeks, 166 hlm abibliografi, hlm 164 4aPahlawan0 aEditor 2, Yuki Anggia P.ePengarang0 aEditor, Nickyta P.ePengarang aPUPAD a36.039/Br/DPK/2021 a36.040/Br/DPK/2021 a36.041/Br/DPK/2021